00589nam a2200133Ia 4500008004100000020002200041245014300063260004900206300002800255650002200283650001300305999001900318952011800337200910s9999 xx 000 0 und d a978-191-16-1204-9 cEdited by Olaf Kraus de Camargo, Liane Simon, Gbariel M. Ronen, Peter L. RosenbaumaICF:ba hands-on approach for clinicians and families/ aQuezon City:bC and E Publishing, Inc.c2019 aviii, 173 pagesc24 cm. aChild development aNosology c364181d364181 001040aCLbCLcRESd2020-09-10eLibrary fundl0oRA 407 .Ic15 2019pC22360r2020-09-10 00:00:00w2020-09-10yBK